An Irish Airman Foresees His Death - Statistics

General Stats
  • This quiz has been taken 20 times
  • The average score is 10 of 16
Answer Stats
Answer % Correct
H In balance with this life, this {death}.
86%
B Somewhere among the clouds {above};
86%
H The years to come seemed waste of {breath},
86%
B Those that I guard I do not {love};
86%
F Drove to this tumult in the {clouds};
71%
A I know that I shall meet my {fate}
71%
F Nor public men, nor cheering {crowds},
71%
A Those that I fight I do not {hate},
71%
E A lonely impulse of {delight}
57%
G I balanced all, brought all to {mind},
57%
E Nor law, nor duty bade me {fight},
57%
D Or leave them happier than {before}.
57%
G A waste of breath the years {behind}
43%
C No likely end could bring them {loss}
43%
C My country is Kiltartan {Cross},
29%
D My countrymen Kiltartan’s {poor},
29%
No matching quizzes found
Score Distribution
Percent of People with Each Score
Percentile by Number Answered
Your Score History
You have not taken this quiz